Química orgánica básica
Saved in:
| Main Authors: | , |
|---|---|
| Format: | Bog |
| Sprog: | spansk |
| Udgivet: |
Madrid
Alhambra
1968
|
| Fag: | |
| Tags: |
Tilføj Tag
Ingen Tags, Vær først til at tagge denne postø!
|
MARC
| LEADER | 00000nam a2200000 a 4500 | ||
|---|---|---|---|
| 001 | UCR4970 | ||
| 003 | CL-VaPUC | ||
| 008 | 980320e19680000SP |||||||||||||||||spa|d | ||
| 082 | 0 | 4 | |a 547 |b BON |2 21 |
| 100 | 0 | |a Bonner, William |e author |9 405609 | |
| 700 | 0 | |a Castro, Albert |e author |9 405610 | |
| 245 | 1 | 0 | |a Química orgánica básica |
| 300 | |a 614 p | ||
| 942 | |c BK | ||
| 945 | |d 19980320 00:00:00 |a crobeson | ||
| 260 | |a Madrid |b Alhambra |c 1968 | ||
| 650 | 0 | |a Química orgánica |9 259426 | |
| 650 | 7 | |a COMPUESTOS ORGANICOS |2 CL-VaPUC |9 306788 | |
| 583 | |a last modification |c 19980320 00:00:00 |k Rodrigo Vera | ||
| 999 | |c 267745 |d 267743 | ||
| 952 | |0 0 |1 0 |4 0 |6 547_000000000000000_BON_1968 |7 0 |8 A |9 300257 |a BIBALI |b BIBALI |c GEN |d 2019-11-20 |i 1968998 |o 547 BON 1968 |p 1968998 |r 2025-01-20 |w 2019-11-20 |y BK |k ALI | ||